How to read the financial pages : a simple guide to the way money works and the jargon

Bibliographic Details
Main Author: Brett, Michael
Format: Book
Published: London : Business Books Ltd. , 1989
Edition:2nd ed
Subjects:

MARC

LEADER 00000cam a2200000 7i4500
001 0000009644
002 000010508
005 20000330.0
020 |a 0091742137 
090 0 0 |a 332.6   |b BRE 
100 1 |a Brett, Michael 
245 1 0 |a How to read the financial pages :   |b a simple guide to the way money works and the jargon   |c Michael Brett 
250 |a 2nd ed 
260 |a London :   |b Business Books Ltd. ,   |c 1989 
300 |a 295 p. ;   |c 20 cm. 
650 0 0 |a Finance   |x Terminology 
999 |a 042785   |b BUKU   |c PINJAMAN   |e PERPUSTAKAAN KOMUNITI PETALING JAYA